Statistics for Cricket by Year, 2000 onwards

Click here to take the quiz!

General Stats

  • This quiz has been taken 168 times
  • The average score is 14 of 23

Answer Stats

YearClueAnswer% Correct
2007This team becomes the first to win 3 ODI World Cups in a rowAustralia
94%
2005The first-ever international game in this format is playedT20
90%
2008This prestigious domestic tournament is launched, being won by underdogs Rajasthan RoyalsIndian Premier League
88%
2000This team is granted Test statusBangladesh
86%
2006This team chases down 434 in an ODI, forming multiple new records in the process, including the highest team score in an ODISouth Africa
83%
2004This West Indian batter reclaims his record for the highest individual Test score, scoring 400* against EnglandBrian Lara
82%
2009Tailenders Monty Panesar and James Anderson bat through 11.3 overs to secure a draw for England in the first Test of this seriesThe 2009 Ashes
82%
2013This batsman, nicknamed 'The Little Master', retires with a number of records, including most international runsSachin Tendulkar
81%
2015This team makes their ODI World Cup debut despite cricket being banned in the country until 2000Afghanistan
80%
2017This team wins the Champions Trophy for the first timePakistan
80%
2001This team beats India in a Test for the first timeZimbabwe
79%
2010This spinner retires with a record 800 Test wicketsMuttiah Muralitharan
75%
2003This team miraculously makes the semi-finals of the ODI World Cup, partly due to New Zealand forfeiting their group game for political reasonsKenya
57%
2019England beats New Zealand in the ODI World Cup Final due to a boundary count after this 'tie-breaker' was also tiedSuper Over
51%
2022Women's cricket is played at this international event for the first timeCommonwealth Games
47%
2016"Remember the name" of this West Indian all-rounder who hit 4 sixes in a row to win the T20 World Cup against EnglandCarlos Brathwaite
42%
2012This batsman becomes the first to score 4 Test double-centuries in a calendar year, including 329 against IndiaMichael Clarke
42%
2014This opening batsman scores 264 against Sri Lanka in an ODI, the most ever by an individual batsmanRohit Sharma
41%
2020The inaugural season of this new tournament is postponed by one year due to the COVID-19 pandemicThe Hundred
39%
2011This Irish all-rounder scores a century off 50 balls to beat England in the ODI World CupKevin O'Brien
37%
2018This New Zealand all-rounder scores 232*, the highest ever individual total in women's ODIs, before backing it up with 5/17Amelia Kerr
14%
2002This Pakistani bowler takes a Test hat-trick just three weeks after taking an ODI hat-trickMohammad Sami
11%
2021This Sri Lankan bowler takes a hat-trick in one over before being hit for 6 sixes in his next in a T20I against the West IndiesAkila Dananjaya
7%

Score Distribution

Percentile by Number Answered

Percent of People with Each Score

Your Score History

You have not taken this quiz